[Event "7th HIT Open"]
[Site "Nova Gorica SLO"]
[Date "2002.01.31"]
[Round "1"]
[White "Loviscek,M"]
[Black "Cvitan,O"]
[Result "0-1"]
[WhiteElo "2021"]
[BlackElo "2550"]

1.d4 Nf6 2.c4 e6 3.g3 c5 4.d5 exd5 5.cxd5 d6 6.Nc3 g6 7.Nf3 Bg7 8.Bg2 O-O
9.O-O a6 10.a4 Re8 11.h3 Nbd7 12.Nd2 Rb8 13.Nc4 Nb6 14.Na3 Bd7 15.Qc2 Nc8
16.Rb1 Qc7 17.Bd2 Na7 18.Rfe1 b5 19.axb5 Nxb5 20.Nc4 Nd4 21.Qd3 Bb5 22.e3 Bxc4
23.Qxc4 Nb3 24.Bc1 Qa5 25.e4 Nd7 26.f4 Rb4 27.Qd3 c4 28.Qc2 Nxc1 29.Rexc1 Nc5
30.Re1 Rxb2 31.Rxb2 Qxc3 32.Re2 Qxg3 33.e5 Qxf4 34.exd6 Bd4+ 35.Kh1 Rxe2
36.Rb8+ Kg7 37.Qxe2 Nd3 38.Bf1 Qg3 39.Bg2 Nf2+ 40.Kg1  0-1

[Event "14th Open"]
[Site "Lenk SUI"]
[Date "2002.03.29"]
[Round "2"]
[White "Kachiani,K"]
[Black "Pinol,F"]
[Result "1-0"]
[WhiteElo "2460"]
[BlackElo "2133"]

1.d4 Nf6 2.c4 e6 3.g3 c5 4.d5 exd5 5.cxd5 b5 6.Bg2 d6 7.Nf3 Bb7 8.e4 Nxe4
9.Qe2 Qe7 10.O-O Nf6 11.Qxb5+ Qd7 12.Re1+ Be7 13.Nc3 Nxd5 14.Nh4 Bc6 15.Nxd5 Bxb5
16.Rxe7+ Kd8 17.Rxd7+ Nxd7 18.Nc3 Rb8 19.Nf5 Bd3 20.Nxd6 Ke7 21.Bf4 Rhd8
22.Nb7  1-0

[Event "Suetin Mem"]
[Site "Tula RUS"]
[Date "2002.03.29"]
[Round "7"]
[White "Vaulin,A"]
[Black "Okrugin,S"]
[Result "1-0"]
[WhiteElo "2560"]
[BlackElo "2373"]

1.c4 Nf6 2.d4 e6 3.g3 c5 4.d5 exd5 5.cxd5 d6 6.Nc3 g6 7.Bg2 Bg7 8.Nf3 O-O
9.O-O a6 10.a4 Re8 11.Bf4 Nh5 12.Bg5 Qc7 13.Rc1 Qd7 14.a5 h6 15.Bd2 Qe7 16.Na4 b5
17.axb6 Qxe2 18.Qxe2 Rxe2 19.b4 Nd7 20.bxc5 dxc5 21.Rfe1 Rxe1+ 22.Nxe1 Rb8
23.g4 Nhf6 24.Bf4 Rxb6 25.Nxb6 Nxb6 26.Rxc5 Bxg4 27.Nc2 Bf8 28.Ra5 Be2 29.Bc7 Nbd7
30.d6 Kg7 31.Nd4 Bd3 32.Bc6 Be4 33.Rxa6 Bxc6 34.Nxc6 Ne4 35.Nb8 Nxb8 36.Bxb8 Nc5
37.Ra8 Nd7 38.Bc7 Kf6 39.Re8 h5 40.h4 Kf5 41.Kg2 f6 42.Re7 Ne5  1-0

[Event "City-ch"]
[Site "St-Petersburg RUS"]
[Date "2002.04.22"]
[Round "6"]
[White "Eliseev,A"]
[Black "Yemelin,V"]
[Result "0-1"]
[WhiteElo "2489"]
[BlackElo "2522"]

1.d4 Nf6 2.g3 e6 3.c4 c5 4.d5 exd5 5.cxd5 g6 6.Nc3 d6 7.Bg2 Bg7 8.Nf3 O-O
9.O-O Na6 10.Bf4 Nh5 11.Bg5 Qd7 12.Qd2 Re8 13.Bh6 Bh8 14.Rfe1 b5 15.e4 b4
16.Nd1 Nc7 17.a4 bxa3 18.Rxa3 Nb5 19.Rae3 Nd4 20.e5 Bb7 21.Nxd4 cxd4 22.e6 Qc7
23.Rb3 fxe6 24.dxe6 Bxg2 25.Kxg2 Qc4 26.Rf3 Be5 27.g4 Qxe6 28.gxh5 Qg4+ 29.Rg3 Bxg3
30.hxg3 Qxh5 31.Rh1 Qd5+ 32.Kg1 Qf3 33.Kh2 Re5 34.Bg5 Rf8 35.Rg1 h6 36.Bh4 g5
37.Qxd4 gxh4 38.Qxd6 Qf6 39.gxh4+ Kh8  0-1

[Event "TSGM April"]
[Site "Belgrade YUG"]
[Date "2002.04.28"]
[Round "9"]
[White "Karttunen,M"]
[Black "Cabrilo,G"]
[Result "1-0"]
[WhiteElo "2429"]
[BlackElo "2501"]

1.d4 e6 2.c4 Nf6 3.g3 c5 4.d5 exd5 5.cxd5 d6 6.Nc3 g6 7.Bg2 Bg7 8.Nf3 O-O
9.O-O Na6 10.h3 Nc7 11.a4 Re8 12.Nd2 b6 13.Re1 Rb8 14.Kh2 Bb7 15.e4 a6 16.Nc4 b5
17.Nxd6 Qxd6 18.e5 Rxe5 19.Rxe5 Qxe5 20.Bf4 Qf5 21.axb5 Rc8 22.Bxc7 axb5
23.d6 Qxf2 24.Qe2 Qxe2 25.Nxe2 Bxg2 26.Kxg2 Nd7 27.Ra7 Bxb2 28.Ba5 Nf6 29.d7 Nxd7
30.Rxd7 Bf6 31.Rb7 b4 32.Nf4 Ra8 33.Nd5 Bd4 34.Ne7+ Kg7 35.Nc6 Bf6 36.Bc7 Rc8
37.Na5 Re8 38.Kf3 h5 39.Rb5 Bd4 40.Bf4 Ra8 41.h4 Ra6 42.Ke4 Re6+ 43.Kd5 Kf6
44.Nb3 Be5 45.Nxc5 Bxf4 46.gxf4 Re1 47.Kd4 Rh1 48.Ne4+ Kg7 49.Ke5 Rxh4 50.Rb7 Rh1
51.Ng5 Re1+ 52.Kd4 Rd1+ 53.Ke4 Re1+ 54.Kf3 Rf1+ 55.Kg2 Rb1 56.Rxf7+ Kg8 57.Rb7 b3
58.Nf3 Rb2+ 59.Kg3 Rb1 60.Kh4 b2 61.Kg5 Kf8 62.Nd2 Rg1+ 63.Kf6 Ke8 64.Rxb2 Rg4
65.Ke5  1-0

[Event "ch-VIE"]
[Site "Vung Tau VIE"]
[Date "2002.04.28"]
[Round "4"]
[White "Bui Vinh"]
[Black "Nguyen Thanh Son"]
[Result "1-0"]
[WhiteElo "2420"]
[BlackElo "2452"]

1.d4 Nf6 2.c4 e6 3.g3 c5 4.Nf3 cxd4 5.Nxd4 Nc6 6.Bg2 Bc5 7.Nb3 Be7 8.Nc3 O-O
9.O-O d6 10.Nd4 Bd7 11.Ndb5 Qb8 12.Bg5 a6 13.Bxf6 gxf6 14.Nd4 f5 15.Rc1 Bf6
16.e3 Nxd4 17.exd4 Qc7 18.Ne2 Rac8 19.Qd2 Rfd8 20.h4 Bg7 21.Rfd1 Kh8 22.b3 b6
23.Qg5 Rg8 24.Qd2 Bf6 25.Nf4 Qd8 26.Kf1 Rc7 27.Qb4 b5 28.c5 Qc8 29.Nh5 Be7
30.Qd2 d5 31.b4 a5 32.a3 Ra7 33.Qe2 Qf8 34.Qe5+ f6 35.Qe3 axb4 36.axb4 Ra4
37.Nf4 Qf7 38.Re1 Bf8 39.Nxe6 Bxe6 40.Qxe6 Qxe6 41.Rxe6 Rxb4 42.c6 Bh6 43.f4 Rc8
44.c7 Rc4 45.Rxc4 dxc4 46.Rc6 b4 47.Bd5 b3 48.Bxc4 b2 49.Bd3 Kg8 50.Ke2 Kf7
51.Kd1  1-0

[Event "Capablanca Mem Premier I"]
[Site "Havana CUB"]
[Date "2002.05.13"]
[Round "7"]
[White "Borges Mateos,J"]
[Black "Franco Ocampos,Z"]
[Result "1/2-1/2"]
[WhiteElo "2438"]
[BlackElo "2510"]

1.d4 Nf6 2.c4 e6 3.g3 c5 4.Nf3 cxd4 5.Nxd4 Bb4+ 6.Bd2 Qb6 7.Bg2 Nc6 8.Nb3 O-O
9.O-O Be7 10.e4 d6 11.Be3 Qc7 12.Qe2 b6 13.Nc3 Bb7 14.Rac1 Qb8 15.f4 Re8
16.g4 Bf8 17.g5 Nd7 18.Rf3 g6 19.Rh3 Bg7 20.Rd1 Ne7 21.Qd2 d5 22.cxd5 exd5
23.e5 Rd8 24.Bf2 Nf8 25.Nd4 Ne6  1/2-1/2

[Event "Open"]
[Site "Pula CRO"]
[Date "2002.05.15"]
[Round "5"]
[White "Hulak,K"]
[Black "Podlesnik,B"]
[Result "1-0"]
[WhiteElo "2553"]
[BlackElo "2385"]

1.d4 Nf6 2.c4 e6 3.g3 c5 4.d5 exd5 5.cxd5 b5 6.Bg2 d6 7.Nf3 g6 8.O-O Bg7
9.e4 O-O 10.e5 dxe5 11.Nxe5 Bb7 12.Nc6 Qb6 13.Ne7+ Kh8 14.Re1 Na6 15.a4 bxa4
16.Nc3 Rad8 17.Qxa4 Nb4 18.Nc6 Ra8 19.Nxb4 cxb4 20.Be3 Qd6 21.Nb5 Qd7 22.Qa5 Ng4
23.Bc5 Rfc8 24.Re7 Qf5 25.Nd6 Qc2 26.Nxc8 Rxc8 27.Rxb7 Bxb2 28.Bxa7 b3 29.d6 Bc3
30.d7 Bxa5 31.dxc8=Q+ Qxc8 32.Rb8  1-0

[Event "V It"]
[Site "Santo Antonio POR"]
[Date "2002.05.22"]
[Round "3"]
[White "Fernandes,An"]
[Black "Dias,P"]
[Result "1-0"]
[WhiteElo "2449"]
[BlackElo "2357"]

1.d4 e6 2.c4 Nf6 3.g3 c5 4.d5 exd5 5.cxd5 d6 6.Nc3 g6 7.Bf4 a6 8.Nf3 b5 9.Qd2 b4
10.Na4 Bd7 11.Qe3+ Qe7 12.Qxe7+ Kxe7 13.Nb6 Ra7 14.Nd2 Nh5 15.Bg5+ f6 16.Be3 Ng7
17.Ne4 Nf5 18.Bd2 Bh6 19.e3 Bb5 20.h4 Bg7 21.a3 Rb7 22.Nc4 Bxc4 23.Bxc4 a5
24.a4 Nh6 25.Rb1 Nf7 26.f4 Nd7 27.b3 Nb6 28.Rc1 f5 29.Ng5 Nxg5 30.hxg5 Rbb8
31.Ke2 h6 32.gxh6 Bxh6 33.Kd3 Bg7 34.Rcg1 Kf7 35.Re1 Rbe8 36.Bb5 Re4 37.Rxh8 Bxh8
38.g4 Re7 39.Rh1 Bg7 40.gxf5 gxf5 41.Rh5 Kf6 42.Be1 Re4 43.Bh4+ Kg6 44.Rg5+ Kf6
45.Rg3+ Kf7 46.Bd8  1-0

[Event "TCh-BIH"]
[Site "Neum BIH"]
[Date "2002.06.06"]
[Round "7"]
[White "Terzic,S"]
[Black "Palac,M"]
[Result "1/2-1/2"]
[WhiteElo "2286"]
[BlackElo "2574"]

1.d4 Nf6 2.c4 e6 3.g3 c5 4.d5 exd5 5.cxd5 b5 6.Bg2 d6 7.Nf3 g6 8.O-O Bg7
9.e4 O-O 10.e5 dxe5 11.Nxe5 Bb7 12.Nc6 Qb6 13.Qf3 Nxd5 14.Ne7+ Nxe7 15.Qxb7 Nbc6
16.Qxb6 axb6 17.Nc3 b4 18.Nd5 Nxd5 19.Bxd5 Rac8 20.a3 bxa3 21.Rxa3 Rfd8 22.Bc4 Na5
23.Bb5 c4 24.Ra2 Rd5 25.Ba6 Rcc5 26.Kg2 h5 27.Re1 Bd4 28.Ra4 Kg7 29.Rd1 Bf6
30.Rxd5 Rxd5 31.Bxc4  1/2-1/2

[Event "IV Shakkinet B"]
[Site "Helsinki FIN"]
[Date "2002.06.28"]
[Round "5"]
[White "Parkkinen,J"]
[Black "Luukkonen,T"]
[Result "1-0"]
[WhiteElo "2169"]
[BlackElo "2158"]

1.d4 Nf6 2.c4 e6 3.g3 c5 4.Nf3 cxd4 5.Nxd4 Nc6 6.Bg2 Bc5 7.Nxc6 bxc6 8.Nc3 d5
9.O-O O-O 10.Bg5 Bd7 11.e4 dxc4 12.e5 h6 13.Bh4 Be8 14.Qc1  1-0

[Event "13th Open"]
[Site "Ljubljana SLO"]
[Date "2002.06.28"]
[Round "7"]
[White "Rodman,F"]
[Black "Palo,D"]
[Result "0-1"]
[WhiteElo "2220"]
[BlackElo "2359"]

1.d4 Nf6 2.c4 e6 3.g3 c5 4.d5 exd5 5.cxd5 b5 6.Bg2 Bb7 7.e4 c4 8.Ne2 Bc5
9.O-O Qb6 10.h3 d6 11.b3 cxb3 12.axb3 O-O 13.Bb2 Nbd7 14.Nd4 Rfe8 15.f3 a5
16.Na3 Ba6 17.Nc2 b4 18.Re1 Ne5 19.Re3 Bc8 20.Bf1 Bd7 21.Kg2 Re7 22.Re1 Rae8
23.Ne3 Nxf3 24.Kxf3 Rxe4 25.Nec2 Rxe1 26.Nxe1 Nxd5 27.Nec2 Qb7 28.Kf2 Nc3
29.Qd3 Bb5 30.Qf3 Bc6 31.Qg4 Re4 32.Qg5 f6  0-1

[Event "30th World Open"]
[Site "Philadelphia USA"]
[Date "2002.07.05"]
[Round "7"]
[White "Miton,K"]
[Black "Rowson,J"]
[Result "1-0"]
[WhiteElo "2516"]
[BlackElo "2527"]

1.d4 Nf6 2.c4 e6 3.g3 c5 4.d5 exd5 5.cxd5 b5 6.Bg2 d6 7.e4 Nbd7 8.f4 Rb8
9.Nh3 g6 10.O-O Bg7 11.Re1 Nb6 12.Nc3 O-O 13.Nf2 b4 14.Nb5 Qd7 15.Nxd6 Qxd6
16.e5 Qd8 17.exf6 Qxf6 18.Be3 Qxb2 19.Rb1 Qxa2 20.Bxc5 Na4 21.Bxf8 Kxf8 22.d6 Be6
23.d7 Rd8 24.Qd6+ Kg8 25.Bd5 Bf8 26.Qxf8+ Kxf8 27.Bxa2 Bxa2 28.Rxb4 Nc5 29.Ra1 Be6
30.Rxa7 Bxd7 31.Rd4 Ke8 32.Rd5 Rc8 33.Ne4 Nxe4 34.Rdxd7 Rc1+ 35.Kg2 f5 36.Rxh7  1-0

[Event "FSGM July"]
[Site "Budapest HUN"]
[Date "2002.07.10"]
[Round "5"]
[White "Bui Vinh"]
[Black "Pedersen,NV"]
[Result "1/2-1/2"]
[WhiteElo "2444"]
[BlackElo "2458"]

1.d4 Nf6 2.c4 e6 3.g3 c5 4.Nf3 cxd4 5.Nxd4 Bb4+ 6.Bd2 Qb6 7.e3 Ne4 8.Bg2 Nxd2
9.Nxd2 Nc6 10.a3 Be7 11.b4 d5 12.c5 Qd8 13.Rc1 e5 14.Nxc6 bxc6 15.e4 O-O
16.O-O f5 17.exf5 Bxf5 18.Re1 Bf6 19.Nb3 Qc7 20.b5 Rad8 21.bxc6 Kh8 22.Bxd5 e4
23.Rc4 Bg6 24.f3 Be5 25.f4 Bxf4 26.gxf4 Qxf4 27.Qd2 Qxd2 28.Nxd2 Rxd5 29.Nxe4 Rc8
30.Ra4 Rxc6 31.Rxa7 h5 32.Re7  1/2-1/2

[Event "XX Open"]
[Site "Andorra la Vella AND"]
[Date "2002.07.13"]
[Round "8"]
[White "Narciso Dublan,M"]
[Black "Conquest,S"]
[Result "0-1"]
[WhiteElo "2460"]
[BlackElo "2542"]

1.d4 Nf6 2.c4 e6 3.g3 c5 4.d5 exd5 5.cxd5 d6 6.Nc3 g6 7.Bg2 Bg7 8.Nf3 O-O
9.O-O Re8 10.Re1 Na6 11.Nd2 Rb8 12.a4 Ng4 13.h3 Ne5 14.f4 Nd7 15.Nb5 Nf6
16.Nxa7 Nb4 17.Nb5 Nfxd5 18.Nc4 Nc7 19.Nbxd6 Re7 20.e4 Bd4+ 21.Be3 Be6 22.Bxd4 cxd4
23.e5 Bxc4 24.Nxc4 d3 25.Nd6 Nc2 26.Qxd3 Nxe1 27.Rxe1 Ne8 28.Rd1 Rd7 29.h4 Nxd6
30.exd6 Qb6+ 31.Qd4 Rxd6 32.Qxb6 Rxb6 33.Rd2 Ra8 34.Rd7 Rxa4 35.Rxb7 Rxb7
36.Bxb7 Rb4 37.Bd5 Rxb2 38.Kf1 Kg7 39.Kg1 Kf6 40.Kf1 Rd2 41.Bf3 h6 42.Ke1 Rb2
43.Kf1 Ke6 44.Be4 Kd6 45.Kg1 Kc5 46.Kf1 Kd4 47.Bc6 Ke3 48.Bd5 f6 49.Bc6 Rc2
50.Bb7 Rc7 51.Ba8 f5 52.Kg2 g5 53.fxg5 hxg5 54.hxg5 Rg7  0-1

[Event "24th Politiken Cup"]
[Site "Copenhagen DEN"]
[Date "2002.07.19"]
[Round "5"]
[White "Aaberg,A"]
[Black "Schandorff,L"]
[Result "0-1"]
[WhiteElo "2408"]
[BlackElo "2547"]

1.d4 Nf6 2.c4 e6 3.g3 c5 4.d5 exd5 5.cxd5 b5 6.a4 b4 7.Bg2 d6 8.Nd2 Ba6 9.Qb3 Be7
10.Nc4 O-O 11.Nf3 Nbd7 12.Nfd2 Re8 13.O-O Bf8 14.Re1 Qc7 15.Ne3 Ne5 16.Ndc4 Nfd7
17.Bd2 g6 18.Rad1 Bg7 19.Bc1 Rab8 20.f4 Nxc4 21.Nxc4 Bxc4 22.Qxc4 b3 23.e4 Rb4
24.Qa6 Qb6 25.Qxb6 Nxb6 26.e5 Rxa4 27.Bf1 Rd4 28.exd6 Rxe1 29.Rxe1 Bf6 30.Re7 Rxd5
31.Rxa7 Rxd6 32.Be2 c4 33.Rc7 c3 34.bxc3 b2 35.Bxb2 Rd2 36.Bb5 Bd8 37.Rb7 Rxb2
38.Be8 f5 39.Bf7+ Kf8 40.Be6 Re2 41.Bb3 Re7 42.Rb8 Ke8  0-1

[Event "Lasker Mem Open"]
[Site "Barlinek POL"]
[Date "2002.07.21"]
[Round "3"]
[White "Gleizerov,E"]
[Black "Andreev,Ed"]
[Result "1-0"]
[WhiteElo "2576"]
[BlackElo "2463"]

1.d4 Nf6 2.c4 e6 3.g3 c5 4.d5 exd5 5.cxd5 d6 6.Nc3 g6 7.Nf3 Bg7 8.Bg2 O-O
9.O-O Na6 10.Nd2 Nc7 11.Nc4 b6 12.Nxd6 Ba6 13.Qa4 Rb8 14.Bf4 Nh5 15.Nxf7 Rxf7
16.Bxc7 Qxc7 17.Qxa6 Kh8 18.Rad1 Rbf8 19.Ne4 h6 20.b3 Nf6 21.d6 Qd7 22.Qd3 Nxe4
23.Bxe4 g5 24.Qd5 Rf6 25.Rd3 Rd8 26.Rfd1 Bf8 27.b4 Rxd6 28.Qe5+ Qg7 29.Qxg7+ Kxg7
30.bxc5 Rxd3 31.Rxd3 Rxd3 32.Bxd3 Bxc5 33.Kg2 Bd6 34.Kf3 Bc5 35.e3 h5 36.h3 Kf6
37.Bb5 Kf5 38.Bd7+ Kg6 39.Be8+ Kh6 40.Ke4 Bb4 41.Kf5 Bc5 42.Kf6 a6 43.a4 b5
44.axb5 axb5 45.Bxb5 Bb6 46.Kf7 Ba5 47.Kf6 Bb6 48.Be8 Bc5 49.Ba4 Bb6 50.Bd1 Bc5
51.Ke6 Bb6 52.Kd7 Kg6 53.Ke6 Kh6 54.Kf5 Bc5 55.Bb3 Bb6 56.Ke4 Kg6 57.Ba4 Ba7
58.Be8+ Kh6 59.Kf3 Bb6 60.h4 gxh4 61.gxh4 Bd8 62.Kg3 Ba5 63.e4 Bc3 64.Bf7 Bd4
65.f4 Bc3 66.e5 Be1+ 67.Kh3 Bc3 68.Be8 Bd4 69.Kg3 Bc3 70.Kf3 Be1 71.f5 Bxh4
72.f6 Bg5 73.Ke4 Bc1 74.Kf5 Kh7 75.e6 Kg8 76.e7  1-0

[Event "ch-SLO"]
[Site "Dobrna SLO"]
[Date "2002.08.05"]
[Round "3"]
[White "Penko,I"]
[Black "Grosar,A"]
[Result "0-1"]
[WhiteElo "2219"]
[BlackElo "2470"]

1.c4 Nf6 2.d4 e6 3.g3 c5 4.d5 exd5 5.cxd5 b5 6.Bg2 d6 7.b3 g6 8.Bb2 Bg7 9.e3 O-O
10.Ne2 Nbd7 11.Nbc3 b4 12.Na4 Nb6 13.Nxb6 axb6 14.O-O Qe7 15.Re1 Ba6 16.Rb1 Bb7
17.Ra1 Ra7 18.e4 Rfa8 19.Nc1 Nd7 20.Bxg7 Kxg7 21.Rb1 Re8 22.Rb2 Qf6 23.Rc2 Ba6
24.f4 Rc7 25.h3 Rec8 26.e5 dxe5 27.d6 Ra7 28.fxe5 Nxe5 29.Qd5 Re8 30.Rf2 Nf3+
31.Rxf3 Rxe1+ 32.Kh2 Qd4 33.Qxd4+ cxd4 34.Nd3 Re3 35.Nxb4 Rxf3 36.Bxf3 Bc8
37.Bc6 Bd7 38.Bd5 Kf6 39.g4 Ke5 40.Bxf7 Kxd6 41.Bc4 b5 42.Bg8 Bc6 43.Kg3 Rg7
44.Nxc6 Kxc6 45.Be6 Re7  0-1

[Event "Saraybahce GP"]
[Site "Kocaeli TUR"]
[Date "2002.08.22"]
[Round "6"]
[White "Laciner,K"]
[Black "Moldobaev,E"]
[Result "0-1"]
[WhiteElo "2220"]
[BlackElo "2429"]

1.d4 Nf6 2.c4 e6 3.g3 c5 4.d5 exd5 5.cxd5 b5 6.Bg2 Bb7 7.e4 d6 8.Ne2 g6 9.O-O Bg7
10.a4 b4 11.Qc2 O-O 12.Bf4 Nh5 13.Be3 Nd7 14.Nd2 Ba6 15.Rfe1 Ne5 16.h3 f5
17.exf5 gxf5 18.b3 Bxe2 19.Rxe2 f4 20.gxf4 Nxf4 21.Bxf4 Rxf4 22.Rae1 Qg5
23.Re3 Raf8 24.Ne4 Qh6 25.Qe2 Nf7 26.Rg3 Kh8 27.Qa6 Bd4 28.Qxa7 Ng5 29.Rxg5 Rxe4
30.Rxe4 Bxf2+ 31.Kh1 Qxg5 32.h4 Bxh4 33.Qd7 Bg3 34.Bh3 Qd2  0-1

[Event "Saraybahce GP"]
[Site "Kocaeli TUR"]
[Date "2002.08.23"]
[Round "7"]
[White "Matnadze,A"]
[Black "Erdogan,H"]
[Result "1-0"]
[WhiteElo "2415"]
[BlackElo "2218"]

1.d4 Nf6 2.g3 e6 3.c4 c5 4.d5 exd5 5.cxd5 d6 6.Nc3 g6 7.Bg2 Bg7 8.Nf3 O-O
9.O-O Nh5 10.e4 a6 11.a4 Nd7 12.Bg5 Bf6 13.Bh6 Re8 14.g4 Ng7 15.h3 Rb8 16.Bf4 Ne5
17.Nxe5 Bxe5 18.Bxe5 dxe5 19.Qc1 h5 20.g5 f6 21.f4 fxg5 22.fxg5 Rf8 23.Qe3 Rxf1+
24.Rxf1 b6 25.Rf6 Kh7 26.Qg3 Qe8 27.Bf1 b5 28.axb5 axb5 29.Qf2 b4 30.Nd1 c4
31.Bxc4 Bxh3 32.Rf7 Rc8 33.Qf6 Qxf7 34.Qxf7 Rxc4 35.Nf2 Bc8 36.Qe7 h4 37.Qxe5 h3
38.Qf4 Rc2 39.Nxh3 Rxb2 40.Nf2 Rc2 41.Qb8 Rc3 42.Qxb4 Rg3+ 43.Kh2 Rxg5 44.Qe7 Rh5+
45.Kg3 Rxd5 46.exd5  1-0

[Event "Open"]
[Site "Nikea GRE"]
[Date "2002.08.23"]
[Round "5"]
[White "Karayannis,A"]
[Black "Ionescu,D"]
[Result "1-0"]
[WhiteElo "2391"]
[BlackElo "2450"]

1.d4 Nf6 2.c4 e6 3.g3 c5 4.Nf3 d5 5.cxd5 exd5 6.Bg2 Nc6 7.O-O Be7 8.dxc5 Bxc5
9.a3 O-O 10.b4 Bb6 11.Bb2 Be6 12.Nc3 Ne4 13.Na4 Bc7 14.Rc1 Qe7 15.Nd4 Nxd4
16.Qxd4 Nf6 17.Qh4 Bd6 18.Bxf6 gxf6 19.Nc3 f5 20.Qxe7 Bxe7 21.Nxd5 Bg5 22.e3 Rab8
23.Rfd1 Kg7 24.h4 Bd8 25.Nf4 Kf6 26.Bd5 Ke7 27.e4 fxe4 28.Bxe6 fxe6 29.Re1 Rf5
30.Rxe4 Kf7 31.Rd1 e5 32.Rd7+ Kf6 33.Nd3 Bb6 34.Kg2 Ke6 35.Rxh7 Kd5 36.Re2 Bd4
37.g4 Rff8 38.Rh5 Rbe8 39.Rc2 b6 40.f4 Rh8 41.Rxh8 Rxh8 42.Nxe5 Bxe5 43.fxe5 Rxh4
44.Kg3 Rh1 45.Re2 Ke6 46.Re3 a5 47.bxa5 bxa5 48.Kf4 Rb1 49.Kg5 Rb5 50.Kg6 a4
51.Re4 Ra5 52.g5 Ra6 53.Re1 Rb6 54.Re4 Kd5+ 55.Kf5  1-0

[Event "Autumn I"]
[Site "Alushta UKR"]
[Date "2002.09.23"]
[Round "13"]
[White "Yevseev,D"]
[Black "Obukhov,A"]
[Result "1/2-1/2"]
[WhiteElo "2546"]
[BlackElo "2444"]

1.d4 Nf6 2.c4 e6 3.g3 c5 4.d5 exd5 5.cxd5 d6 6.Nc3 g6 7.Bg2 Bg7 8.Nf3 O-O
9.O-O Na6 10.Nd2 Nc7 11.Nc4 Nh5 12.a4 f5 13.Bf3 Rf7 14.Bxh5 gxh5 15.Bf4 Bf8
16.e3 b6 17.Qxh5 Ba6 18.b3 Bg7 19.Nxd6 Rd7 20.Nxf5 Bxc3 21.Nh6+ Kf8 22.Be5 Nxd5
23.Qf5+ Ke8 24.Rad1 Qe7 25.Bxc3 Nxc3 26.Rxd7 Qxd7 27.Qe5+ Kd8 28.Qxc3 Bxf1
29.Qh8+ Qe8 30.Qf6+ Kc7 31.Qf4+ Kb7 32.Nf7 Qe7 33.Nd6+ Ka6 34.Kxf1 Qe6 35.Nc4 Qd5
36.e4 Qd1+ 37.Kg2 Qxb3 38.Nd6 Ka5 39.e5 Qd5+ 40.Kh3 Rd8 41.Qf6 Rd7 42.f4 c4
43.Qf8 c3 44.Qc8 Kb4 45.Qxd7 c2 46.Qxa7 c1=Q 47.Qxh7 Kxa4 48.Qa7+ Qa5 49.Qf7 Qf1+
50.Kh4 Qe2 51.Kg5 Qxh2 52.Qc4+ Qb4 53.Qd3 Qhd2 54.Qf3 b5 55.Kf6 Qbd4 56.Ke6 Q2d3
57.Qc6 Q4c3 58.Qa6+ Kb3 59.f5 b4  1/2-1/2

[Event "Autumn III"]
[Site "Alushta UKR"]
[Date "2002.09.30"]
[Round "5"]
[White "Kozlov,Vi"]
[Black "Obukhov,A"]
[Result "1/2-1/2"]
[WhiteElo "2340"]
[BlackElo "2444"]

1.d4 Nf6 2.c4 e6 3.g3 c5 4.Nf3 cxd4 5.Nxd4 Nc6 6.Bg2 Bb4+ 7.Bd2 Qb6 8.Nb3 a5
9.O-O a4 10.Nc1 O-O 11.Nd3 Bxd2 12.Qxd2 d5 13.cxd5 exd5 14.Nc3 d4 15.Ne4 Nxe4
16.Bxe4 Bh3 17.Rfc1 Rfe8 18.Bf3 Bf5 19.Nc5 a3 20.bxa3 Rxa3 21.Qf4 Bg6 22.Nxb7 Rc3
23.Nd6 Rd8 24.Ne4 Rxc1+ 25.Rxc1 Nb4 26.Rb1 f5 27.Nd6 Rxd6 28.a3 d3 29.exd3 Qxf2+
30.Kxf2 Nxd3+ 31.Ke3 Nxf4  1/2-1/2

[Event "TCh-BEL 2002-3"]
[Site "Belgium BEL"]
[Date "2002.10.06"]
[Round "1"]
[White "Van Heirzeele,D"]
[Black "Lamby,P"]
[Result "1/2-1/2"]
[WhiteElo "2231"]
[BlackElo "2154"]

1.d4 Nf6 2.c4 e6 3.g3 c5 4.Nf3 cxd4 5.Nxd4 Nc6 6.Bg2 Bb4+ 7.Bd2 Qb6 8.e3 d5
9.cxd5 Nxd4 10.exd4 Nxd5 11.O-O O-O 12.Be3 Rd8 13.Nd2 Bxd2 14.Qxd2 Qd6 15.Rfc1 Bd7
16.Bxd5 Qxd5 17.Rc5 Qf3 18.Qd1 Qe4 19.Re5 Qg6 20.Qb1 Qxb1+ 21.Rxb1 b6 22.Bd2 Bc6
23.Bc3 Bd5 24.a3 Rdc8 25.Ree1 f6 26.f4 Kf7 27.Kf2 a5 28.Ke3 b5  1/2-1/2

[Event "ch-ESP Open"]
[Site "Ayamonte ESP"]
[Date "2002.10.08"]
[Round "5"]
[White "Camarena Gimenez,R"]
[Black "Munoz Moreno,F"]
[Result "1/2-1/2"]
[WhiteElo "2387"]
[BlackElo "2280"]

1.d4 Nf6 2.c4 e6 3.g3 c5 4.Nf3 cxd4 5.Nxd4 Qc7 6.b3 a6 7.Bg2 Bb4+ 8.Bd2 Bc5
9.Nc2 d5 10.cxd5 Nxd5 11.O-O O-O 12.e4 Nf6 13.Nc3 Nc6 14.Rc1 Bd7 15.Bf4 e5
16.Bg5 Bg4 17.Bf3 Bxf3 18.Qxf3 Be7 19.Rfd1 Rad8 20.Bxf6 Bxf6 21.Nd5 Qd6 22.h4 Be7
23.Nce3 g6 24.Rd3 Qe6 25.Kg2 Ba3 26.Re1 b5 27.g4 Nd4 28.Qg3 Be7 29.Nf5 Bf6
30.Nxd4 exd4 31.f4 Rc8 32.Re2 Rfe8 33.Qf3 Rc5 34.Nxf6+ Qxf6 35.g5 Qd6 36.Red2 Rd8
37.e5 Qd7 38.Qh3 Qc6+ 39.Qf3 Qd7 40.Kg3 b4 41.Qe4 Rc3 42.h5 Rdc8 43.h6 Kf8
44.e6 Qxe6 45.Qxe6 fxe6 46.Kf3 Ke7 47.Ke4 Rxd3 48.Kxd3 a5 49.Re2 Kd6 50.Kxd4 Rc1
51.Re5 Rd1+ 52.Kc4 Rf1 53.Re4 Rf2 54.Kb5 Rxa2 55.Rd4+ Ke7 56.Rc4 Kd7 57.Rd4+ Ke7
58.Rc4 Kd7 59.Rd4+  1/2-1/2

[Event "TCh-SWE"]
[Site "Helsingborg SWE"]
[Date "2002.10.13"]
[Round "3"]
[White "Eriksson,Mag1"]
[Black "Collett,P"]
[Result "1/2-1/2"]
[WhiteElo "2322"]
[BlackElo "2105"]

1.d4 Nf6 2.c4 e6 3.g3 c5 4.d5 exd5 5.cxd5 d6 6.Nc3 g6 7.Bg2 Bg7 8.Nf3 O-O
9.O-O a6 10.a4 Re8 11.Nd2 Nbd7 12.Nc4 Nb6 13.Na3 Bd7 14.a5 Nc8 15.Nc4 Bb5
16.Qb3 Bxc4 17.Qxc4 Nd7 18.e4 Ne5 19.Qe2 c4 20.Be3 Na7 21.Qd2 Nb5 22.Na4 Rc8
23.Nb6 Rc7 24.h3 c3 25.bxc3 Rxc3 26.Rfc1 Nd3 27.Rf1 Nc5 28.Bxc5 Rxc5 29.Rac1 Qc7
30.Rxc5 Qxc5 31.Rc1 Bc3 32.Qd3 Qa3 33.Rb1 Qxa5 34.Nc4 Qc7 35.Kh2 Rc8 36.Bf1 Qc5
37.Kg2 Bg7 38.f4 Rc7 39.h4 Qd4 40.Qxd4 Bxd4 41.Rd1 Bc5 42.e5 Na3 43.Nxd6 Bxd6
44.exd6 Rd7 45.Rd2 Rxd6 46.Ra2 Nb5 47.Bxb5 axb5 48.Rd2 Kf8  1/2-1/2

[Event "TCh-FIN 2002-3"]
[Site "Finland FIN"]
[Date "2002.10.20"]
[Round "3"]
[White "Franssila,T"]
[Black "Leino,J"]
[Result "0-1"]
[WhiteElo "2264"]
[BlackElo "2203"]

1.d4 Nf6 2.c4 e6 3.g3 c5 4.Nf3 cxd4 5.Nxd4 Nc6 6.Bg2 Be7 7.O-O O-O 8.b3 d5
9.Nxc6 bxc6 10.Nd2 a5 11.Bb2 Ba6 12.Qc2 Nd7 13.Rfd1 Bf6 14.Rac1 Bxb2 15.Qxb2 Qb6
16.Qc3 Rab8 17.Bf1 d4 18.Qc2 c5 19.Bg2 Bb7 20.Bxb7 Rxb7 21.e4 Ra8 22.f4 a4
23.Rb1 axb3 24.Rxb3 Qc6 25.Rxb7 Qxb7 26.a4 Qb4 27.Ra1 h6 28.Qa2 Qc3 29.e5 Qe3+
30.Kh1 f6 31.exf6 Nxf6 32.Nf1 Qc3 33.Rb1 Qd3 34.h3 Ne4 35.Ra1 e5 36.Qg2 exf4
37.gxf4 Ra7 38.Ra2 Qxc4 39.Re2 Nf6 40.Ng3 d3 41.Rd2 Rxa4 42.Nf5 Ra1+ 43.Kh2 Qxf4+
44.Ng3 Qd6 45.Qf3 c4 46.Qf5 Qd5 47.Qg6 Qg5  0-1

[Event "10th Chigorin Mem"]
[Site "St Petersburg RUS"]
[Date "2002.10.27"]
[Round "3"]
[White "Vaulin,A"]
[Black "Andreev,Ed"]
[Result "1/2-1/2"]
[WhiteElo "2549"]
[BlackElo "2466"]

1.d4 Nf6 2.c4 e6 3.g3 c5 4.Nf3 cxd4 5.Nxd4 Nc6 6.Bg2 Qb6 7.Nb5 Ne5 8.Be3 Bc5
9.Bxc5 Qxc5 10.N1a3 Ke7 11.O-O a6 12.Nc3 d6 13.Na4 Qb4 14.Qb3 Qxb3 15.axb3 Rb8
16.f4 Ned7 17.Nc3 Rg8 18.b4 g5 19.e3 h5 20.Nc2 h4 21.Ne2 gxf4 22.exf4 Nh5
23.Ra3 hxg3 24.hxg3 Ndf6 25.Rd1 Bd7 26.Rad3 Rbc8 27.b3 Bc6 28.Bxc6 Rxc6 29.Kg2 d5
30.c5 Rgc8 31.Kf3 b6 32.Rh1 bxc5 33.bxc5 Rxc5 34.Ncd4  1/2-1/2

[Event "Olympiad"]
[Site "Bled SLO"]
[Date "2002.11.10"]
[Round "14"]
[White "Croes,O"]
[Black "Gonda,G"]
[Result "1/2-1/2"]
[WhiteElo "2099"]
[BlackElo "2223"]

1.d4 Nf6 2.c4 e6 3.g3 c5 4.e3 d5 5.Bg2 Nc6 6.Nf3 dxc4 7.Qa4 Bd7 8.Qxc4 cxd4
9.exd4 Rc8 10.Nc3 Nb4 11.Qe2 Bc6 12.O-O Be7 13.Rd1 O-O 14.Ne5 Bxg2 15.Kxg2 Qb6
16.Kg1 Rfd8 17.Be3 Nbd5 18.Rac1 Qa5 19.Qb5 Qxb5 20.Nxb5 a6 21.Nc3 Bb4 22.Na4 Kf8
23.Bg5 h6 24.Bxf6 Nxf6 25.Rxc8 Rxc8 26.Nd3 Bd6 27.Nac5 Rc7 28.f3 Ke7 29.Kf2 Nd5
30.Rc1 g6 31.f4 h5 32.Kf3 a5 33.Ke4  1/2-1/2

[Event "5th It"]
[Site "Ramat-Aviv ISR"]
[Date "2002.12.27"]
[Round "4"]
[White "Porat,D"]
[Black "Rodshtein,M"]
[Result "1/2-1/2"]
[WhiteElo "2195"]
[BlackElo "2221"]

1.d4 e6 2.c4 Nf6 3.g3 c5 4.d5 exd5 5.cxd5 b5 6.f3 d6 7.e4 a6 8.a4 b4 9.Nd2 a5
10.b3 Nbd7 11.Bb2 g6 12.Bd3 Bg7 13.Nc4 Nb6 14.Ne2 O-O 15.O-O Ba6 16.Qc2 Re8
17.Rad1 Bxc4 18.Bxc4 Nxc4 19.bxc4 Qd7 20.Nc1 Nh5 21.Bxg7 Nxg7 22.Rde1 Rab8
23.Qb3 f5 24.Nd3 fxe4 25.fxe4 Qg4 26.Rf4 Qg5 27.Qb2 Nh5 28.Rf3 Rf8 29.Rfe3 Nf6
30.e5 Ng4 31.R3e2 Qf5 32.Re4 dxe5 33.h3 Qf3 34.Rxg4 Qxd3 35.Qxe5 Rb6 36.Rge4 Rbf6
37.R4e2 Rf5 38.Qe6+ Kh8 39.Qe3 Qxe3+ 40.Rxe3 R5f6 41.Re7 Rb8 42.Rc7 Rf3 43.d6 Rd8
44.Kg2 Rd3 45.Rxc5 R3xd6 46.Rxa5 Rd2+ 47.Kf3 Rf8+ 48.Ke4 b3 49.Rb1 Re8+ 50.Kf3 Rd3+
51.Kf2 Rf8+ 52.Kg2 Rd2+ 53.Kg1 Rf3 54.Rb5 Rxg3+ 55.Kh1 Rxh3+ 56.Kg1 Rg3+
57.Kh1 Rc2 58.R5xb3 Rxb3 59.Rxb3 Rxc4 60.Ra3 Rc6 61.a5 Ra6 62.Kg2 Kg7 63.Kf3 g5
64.Ra4 Kg6 65.Kg4 h5+ 66.Kg3 Kf5 67.Kh3 Ke5 68.Kg3 Kd5 69.Kf3 Kc5 70.Ra1 Kb4
71.Rh1 g4+ 72.Kg3 Rxa5 73.Rc1 Rc5 74.Rd1 Rc3+ 75.Kg2 h4 76.Rd8 Rc2+ 77.Kg1 Rc1+
78.Kg2 h3+ 79.Kg3 Rg1+ 80.Kh2 Rg2+ 81.Kh1 Kc3 82.Rd3+  1/2-1/2